000 00714nam a2200253Ia 4500
003 OSt
005 20220930200301.0
006 a|||||r|||| 00| 0
007 ta
008 220926b |||||||| |||| 00| 0 eng d
024 _a21495
037 _cDissertations
040 _aCRL
_cCRL
_beng
041 _2eng
_aeng
100 _aRegmi Mahendra
_9564762
110 _aUniversity of Delhi. Faculty of Law. Department of Law
245 0 _aInput issues arising from the case concerning military......
260 _c1995
300 _a104p.
_ccm.
650 _aLAW
700 _aUniversity of Delhi. Faculty of Law. Department of Law
942 _cDIS
_2CC
999 _c900432
_d900432